Statistics for Country Names in their own Language

Click here to take the quiz!

General Stats

  • This quiz has been taken 14 times
    (8 since last reset)
  • The average score is 86 of 161

Answer Stats

CountryLanguageAnswer% Correct
United KingdomEnglishUnited Kingdom
100%
United StatesEnglishUnited States
100%
IraqArabic / Kurdishal-'Irāq / Îraq
80%
ArgentinaSpanishArgentina
80%
AustraliaEnglishAustralia
80%
BelgiumDutch / FrenchBelgië / Belgique
80%
BeninFrenchBénin
80%
IndiaHindi / EnglishBhārat / India
80%
BoliviaSpanishBolivia
80%
BotswanaEnglish / SetswanaBotswana
80%
BrazilPortugueseBrasil
80%
Burkina FasoFrench / MossiBurkina Faso / Burkĩna Faso
80%
CameroonFrench / EnglishCameroun / Cameroon
80%
CanadaEnglish / FrenchCanada
80%
ColombiaSpanishColombia
80%
CongoFrenchCongo
80%
Costa RicaSpanishCosta Rica
80%
CubaSpanishCuba
80%
GermanyGermanDeutschland
80%
EcuadorSpanishEcuador
80%
El SalvadorSpanishEl Salvador
80%
SpainSpanishEspaña
80%
EswatiniSwazi / EnglisheSwatini / Eswatini
80%
FranceFrenchFrance
80%
GabonFrenchGabon
80%
GhanaEnglishGhana
80%
GuatemalaSpanishGuatemala
80%
GuineaFrenchGuinée
80%
GuyanaEnglishGuyana
80%
HondurasSpanishHonduras
80%
IndonesiaIndonesianIndonesia
80%
IranPersianĪrān
80%
IrelandEnglish / IrishIreland / Éire
80%
ItalyItalianItalia
80%
KenyaEnglish / SwahiliKenya
80%
LaosLaoLao
80%
LuxembourgLuxembourgish / FrenchLëtzebuerg / Luxembourg
80%
LiberiaEnglishLiberia
80%
MalawiEnglish / ChichewaMalawi / Malaŵi
80%
MalaysiaMalayMalaysia
80%
MaliBambaraMali
80%
MexicoSpanishMéxico
80%
MyanmarBurmeseMyanma
80%
NamibiaEnglish / AfrikaansNamibia / Namibië
80%
NetherlandsDutchNederland
80%
NepalNepaliNēpāl
80%
New ZealandEnglishNew Zealand
80%
NicaraguaSpanishNicaragua
80%
NigerFrenchNiger
80%
NigeriaEnglishNigeria
80%
AustriaGermanÖsterreich
80%
PakistanUrduPākistān
80%
ParaguaySpanishParaguay
80%
PeruSpanishPerú
80%
PolandPolishPolska
80%
PortugalPortuguesePortugal
80%
QatarArabicQaṭar
80%
RwandaKinyarwandaRwanda
80%
SenegalWolofSénégal
80%
SingaporeEnglish / MandarinSingapore / Xinjiapo
80%
South AfricaEnglish / Zulu / Xhosa / AfrikaansSouth Africa / Iningizimu Afrika / Mzantsi Afrika / Suid-Afrika
80%
South SudanEnglishSouth Sudan
80%
Sri LankaSinhala / TamilSrī Lankā / Llaṅkai
80%
SudanEnglish / ArabicSudan / as-Sūdān
80%
FinlandFinnishSuomi
80%
SurinameDutchSuriname
80%
TaiwanMandarinTáiwān
80%
TanzaniaSwahili / EnglishTanzania
80%
The GambiaEnglish / MandinkaThe Gambia
80%
East TimorPortuguese / TetumTimor-Leste / Timór-Leste
80%
TogoFrenchTogo
80%
UgandaEnglishUganda
80%
UruguaySpanishUruguay
80%
VenezuelaSpanishVenezuela
80%
EthiopiaOromo / Amharic / EnglishYe'ītiyop'iya / Ītyop'iya / Ethiopia
80%
ZambiaEnglishZambia
80%
ZimbabweShona / EnglishZimbabwe
80%
AngolaPortugueseAngola
60%
BangladeshBengaliBanglādeś
60%
BelarusRussian / BelarussianBelarus
60%
ChileSpanishChile
60%
Ivory CoastFrenchCôte d'Ivoire
60%
EstoniaEstonianEesti
60%
CroatiaSerbo-CroatianHrvatska
60%
IcelandIcelandicÍsland
60%
CambodiaKhmerKâmpŭchéa
60%
Central African RepublicSango / FrenchKödörösêse tî Bêafrîka / République centrafricaine
60%
LesothoSesotho / EnglishLesotho
60%
MadagascarMalagasy / FrenchMadagasikara / Madagascar
60%
MozambiquePortugueseMoçambique
60%
MoldovaRomanianMoldova
60%
JapanJapaneseNihon
60%
NorwayNorwegianNorge
60%
PanamaSpanishPanamá
60%
PhilippinesFilipino / EnglishPilipinas / Philippines
60%
Dominican RepublicSpanishRépublica Dominicana
60%
RomaniaRomanianRomânia
60%
SwitzerlandGerman / FrenchSchweiz / Suisse
60%
AlbaniaAlbanianShqipëria
60%
Sierra LeoneEnglishSierra Leone
60%
SwedenSwedishSverige
60%
TurkeyTurkishTürkiye
60%
TurkmenistanTurkmenTürkmenistan
60%
VietnamVietnameseViệt Nam
60%
DenmarkDanishDanmark
40%
ChadArabic / FrenchTšād / Tchad
40%
TunisiaArabicTūnis
40%
AfghanistanPashto / DariAfghānestān
20%
KuwaitArabical-Kuwayt
20%
MoroccoArabic / Moroccan Creole Berberal-Maghrib / Elmeɣrib
20%
HaitiHaitian Creole FrenchAyiti
20%
AzerbaijanAzerbaijaniAzerbaycan
20%
BelizeBelizean Creole EnglishBileez
20%
Bosnia and HerzegovinaSerbo-CroatianBosna i Hercegovina
20%
BulgariaBulgarianBŭlgariya
20%
Czech RepublicCzechČesko
20%
GreeceGreekElláda
20%
Guinea-BissauGuinea-Bissau Creole PortugueseGuiné-Bissau
20%
DjiboutiSomali / AfarJabuuti / Gabuutih
20%
JamaicaJamaican Creole EnglishJumieka
20%
KyrgyzstanKyrgyzKırgızstan
20%
KosovoAlbanianKosova
20%
CyprusGreek / TurkishKýpros / Kıbrıs
20%
LatviaLatvianLatvija
20%
LibyaArabicLībiyyā
20%
LithuaniaLithuanianLietuva
20%
North MacedoniaMacedonianMakedonija
20%
EgyptArabicMiṣr
20%
MongoliaMongolianMongol Uls
20%
UzbekistanUzbekO'zbekiston
20%
Papua New GuineaNew Guinea Creole EnglishPapua Niugini
20%
RussiaRussianRossiya
20%
SloveniaSloveneSlovenija
20%
SlovakiaSlovakSlovensko
20%
SomaliaSomali / ArabicSoomaaliya / Aṣ-Ṣūmāl
20%
TajikistanTajikTojikistan
20%
BurundiKirundiUburundi
20%
UkraineUkrainianUkrayina
20%
OmanArabic'Umān
20%
IsraelHebrewYisra'el
20%
ChinaMandarinZhōngguó
20%
Saudi ArabiaArabical-'Arabiya as-Sa'ūdiyya
0%
United Arab EmiratesArabicAl-'Imārāt al-'Arabiyya al-Muttaḥida
0%
AlgeriaArabic / Algerian Creole Berberal-Jazā'ir / Lz̦ayer
0%
JordanArabical-'Urdun
0%
YemenArabical-Yaman
0%
North KoreaKoreanChosŏn
0%
MontenegroSerbo-CroatianCrna Gora
0%
BhutanDzongkhaDruk Yul
0%
EritreaTigrinyaÉrtra
0%
Equatorial GuineaSpanishGuinea Ecuatorial
0%
South KoreaKoreanHan Kuk
0%
ArmeniaArmenianHayastan
0%
LebanonArabicLubnān
0%
HungaryHungarianMagyarország
0%
MauritaniaArabic / FrenchMūrītāniyyā / Muritania
0%
ThailandThaiPrathet Thai
0%
KazakhstanKazakhQazaqstan
0%
GeorgiaGeorgianSakartvelo
0%
SerbiaSerbo-CroatianSrbija
0%
SyriaArabicSūrīyā
0%

Score Distribution

Percentile by Number Answered

Percent of People with Each Score

Your Score History

You have not taken this quiz since the last reset